LEADER 00797nam0 2200265 450 001 000022554 005 20090204130558.0 100 $a20090204d1976----km-y0itay50------ba 101 0 $aeng 102 $aGB 105 $ay-------001yy 200 1 $a<>treatise on time and space$fJ. R. Lucas 210 $aLondon$cMethuen & Co.$d1976 215 $aXI, 321 p.$d24 cm 225 2 $aUniversity paperbacks$v568 410 0$12001$aUniversity paperbacks 500 10$a<>treatise on time and space$945655 610 1 $aTempo$aSpazio 676 $a415$v21$9Grammatica 700 1$aLucas,$bJ. R.$047187 801 0$aIT$bUNIPARTHENOPE$c200900204$gRICA$2UNIMARC 912 $a000022554 951 $aS 501/50$bS A, 891$cDSA$d2009 996 $aTreatise on time and space$945655 997 $aUNIPARTHENOPE LEADER 02297nam 2200349 450 001 9910774619903321 005 20230328114005.0 035 $a(CKB)4920000001372383 035 $a(NjHacI)994920000001372383 035 $a(EXLCZ)994920000001372383 100 $a20230328d2022 uy 0 101 0 $anor 135 $aur||||||||||| 181 $ctxt$2rdacontent 182 $cc$2rdamedia 183 $acr$2rdacarrier 200 10$aKjønn og rett $eKvinne-, kjønns- og likestillingsperspektiver i jusstudiet /$fIngunn Ikdahl [and six others] 210 1$aOslo :$cCappelen Damm Akademisk/NOASP (Nordic Open Access Scholarly Publishing),$d2022. 215 $a1 online resource (431 pages) 311 $a82-02-76673-7 330 $aWomen's law, gender equality and non-discrimination law have constituted fields of research at the Faculty of Law at the University of Oslo for decades. Law establishes rights and obligations, legal protections and punishments - it can create, maintain and transform society's distribution of power and resources between individuals and groups. It is thus an important part of legal education to create understanding of how legal constructs, rules and decisions can lead to - or counteract - inequality and discrimination. This book presents various types of gender perspectives in a range of disciplines within law. The chapters cover areas within both public and private law, such as family law, administrative law, welfare law, contract law, corporate law, and criminal law. The book also includes gender perspectives in such related disciplines as legal philosophy, legal sociology, criminology, law and economics, and professional ethics for lawyers. Gender and Law: Women's, Gender and Gender-Equality Perspectives in Legal Studies has been written primarily with law students in mind, but everyone with an interest in the relationship between law, gender, society and politics will find it relevant. 517 $aKjønn og rett 606 $aGender identity$xLaw and legislation 615 0$aGender identity$xLaw and legislation. 676 $a341.483 700 $aIkdahl$b Ingunn$01346827 801 0$bNjHacI 801 1$bNjHacl 906 $aBOOK 912 $a9910774619903321 996 $aKjønn og rett$93079213 997 $aUNINA